Регионална библиотека "Любен Каравелов" - Русе

Операция Vox Dei (Запис номер 51784)

MARC детайли
000 -Лидер
Контролно поле с фиксирана дължина 00967nam a2200289 c 4500
003 - Код на организацията, давaща контролен номер
Контролно поле BLK
005 - Дата и час на последна редакция
Контролно поле 20220720090339.0
008 - Елементи от данни с фиксирана дължина
fixed length control field 180408b bul|||||r ||||||| ||bul||
010 ## - Наследен системен номер
LC control number KNG00055699000
020 ## - Международен стандартен номер на книга ISBN
Международен стандартен номер на книга ISBN 954-721-009-2
-- издат.: Делфин прес
040 ## - Източник на каталожния запис
Идентификатор на билиотеката - собственик на записа BLK
041 ## - Код за език
Код за езика на текст/звукозапис или на отделно заглавие Български
Код за езика КДБФ Български
080 ## - УДК
Текстов определител УДК Българска литература
УДК код - определител по УДК 821.163.2
УДК определител -312.4
УДК - код + определител 821.163.2-312.4
100 1# - Редна дума - Автор
Автор Фъртунов, Валентин
Авторска отговорност първи автор
R(LIN) 284028
139 ## - Редно поле
Редна дума Фъртунов, Валентин
Авторски знак Фъ - Ф 97
245 10 - Сведения за заглавието
Заглавие Операция Vox Dei
Подзаглавни данни Роман
Редно поле (дума) Валентин Фъртунов.
257 ## - Страна на издаване
Страна на създаване/издаване България
260 ## - Област на издателските данни
-- Бургас
Име на издателя, разпространителя и проч. Делфин прес
Година на издаване 2005
Печатница Ямбол : Светлина
300 ## - Физическа характеристика
Страници 384 с.
Размери/Мащаб 20 см
380 ## - Жанр
Жанр Худож. лит.
490 1# - СЕРИИ (Колекции)
Име на серия Трилър
852 ## - Местоположение
Форматна сигнатура Цб 224908
856 4# - Електронен адрес и достъп
Електронен формат pdf - файл
Път до файла /url/
856 4# - Електронен адрес и достъп
Електронен формат pdf - файл
Път до файла /url/
942 ## - АРТИКУЛИ
Вид на библиотечния материал Книги
Скрит в OPAC Не
Koha issues (borrowed), all copies 3
944 ## - СЪЗДАВАНЕ И РЕДАКЦИЯ на ЗАПИСА
Създаване/Редакция Създаване
Дата на регистрацията/редакция 06.10.2005
Служител, извършил регистрацията/редакцията Геновева_Генчева
944 ## - СЪЗДАВАНЕ И РЕДАКЦИЯ на ЗАПИСА
Създаване/Редакция Редакция
Дата на регистрацията/редакция 05.10.2006
Служител, извършил регистрацията/редакцията
999 ## - СИСТЕМНИ КОНТРОЛНИ НОМЕРА
Koha biblionumber 51784
Koha biblioitemnumber 51784
Наличности
Код за отписване Код за изгубен артикул Код за повреда Коз за рестрикции Код за отдаване Артикулен № Име на библиотеката - собственик Име на библиотеката, в която се намира в момента Статус (Текущо местоположение) Дата на вписване в системата Местоположение - отдел Цена в лева Инвентарен номер Систематично азбучна сигнатура Баркод Номер на екземпляра Цена в евро Служебна бележка Служебен тип на артикула
  Не е изгубен Не е повреден без рестрикции заемане за дома 81679 Регионална библиотека "Любен Каравелов" Русе Регионална библиотека "Любен Каравелов" Русе Заемна - подръчен фонд 2005-10-06 Заемна - подръчен фонд 7.95 120000697050 П 886.7-31/Ф 97 120000697050 1 4.06 Дост: Pk Вид: Ф N: 11 Дата: 06.10.2005 Дата инв: 12.02.2018 Бележки инв: П2018 Книги
  Не е изгубен Не е повреден без рестрикции ползва се в читалня 81680 Регионална библиотека "Любен Каравелов" Русе Регионална библиотека "Любен Каравелов" Русе Хранилище 2006-10-02 Хранилище 7.95 120000705548 Цб 224908 120000705548 2 4.06 Дост: Dp Вид: Д N: 41 Дата: 28.09.2005 Книги
Vip Innovations Ltd, Rousse, Bulgaria 2025